000 00176 a2200085 4500
001 74561
090 _c39050
_d39050
245 _aA Waqat Gawahi Day
260 _aKarachi
_bAcad Punjab
_c2004
942 _aNUST-CAE
999 _c309634
_d309634